| 000 | 00979nas a2200289 4500 | ||
|---|---|---|---|
| 001 | BR8102166 | ||
| 003 | BR-BrBNA | ||
| 005 | 20231205084637.0 | ||
| 007 | ta | ||
| 008 | 230509b bl.|||p| |||| 00| 00por d | ||
| 040 |
_aBR-BrBNA _bpor _cBiblioteca Nacional de Agricultura |
||
| 041 | _a(Pt) | ||
| 072 | _aF10 | ||
| 100 | 1 | _aNascimento, F.J.L. do | |
| 100 | 1 | _aTubilis, A. | |
| 245 | 1 | _aEstimativa do inicio da formacao de orvalho em cafezal por meio dos perfis verticais de umidade absoluta do ar [Coffea arabica; Brasil] | |
| 246 | 1 | _a[Initiation of dew formation on coffee plant estimated through vertical absolute humidity profiles [Coffea arabica; Brazil]] | |
| 650 | _aClimatologia | ||
| 650 | _aCafe | ||
| 650 | _aUmidade | ||
| 650 | _aAr | ||
| 650 | _aTemperatura | ||
| 650 | _aOrvalho | ||
| 773 | 0 |
_tRevista Ceres (Brazil) _xISSN 0034-737X _g(1980), v. 27 (153) p. 526-534 _wBR8102166 |
|
| 909 |
_a202311 _bLúcia _c55 _dLúcia Elande |
||
| 942 |
_2AGRIS _n0 _cANA |
||
| 999 |
_c106414 _d106414 |
||